00857nam a22002537a 450000500170000001000110001702000100002803500110003803700160004904000120006508200180007710000310009524500810012626000360020727000130024330000200025650000200027665000170029665000240031370000320033794200270036999900190039695201880041520170124110001.0 a755357 c00.00 a755357 bCen Lib/Ret aDPLbEN a356.0973bKLE aKleinman, Forest K.915854 aThe Modern united states army /cby Forest K. Kleinman [and] Robert Horowitz aNew YorkbD.Van Nostrand c1964 bNew York a217p.c24cm(Hb) aIncludes index  aArmy 915855 aModern army 915856 aHorowitz, Robert S. 915857 2ddccENh356.0973mKLE c125883d125883 04104070aLbLd2015-06-23eCen Lib/Retg0.00l0o356.0973 KLEp755357r2015-06-23 00:00:00t1v0.00w2015-06-23yENzWritten off on approval by DLB (By Circulation); dtd 15-06-2023